[Event "MNT-chT"]
[Site "Herceg Novi"]
[Date "2024.04.30"]
[Round "5.1"]
[White "Markus, Robert"]
[Black "Saric, Ivan"]
[Result "1/2-1/2"]
[WhiteElo "2590"]
[BlackElo "2670"]
[PlyCount "21"]
[EventDate "2024.04.27"]
[EventType "team-tourn"]
[EventRounds "9"]
[EventCountry "MNE"]
[SourceTitle "CB19_2024"]
[SourceDate "2024.05.08"]
[SourceVersion "1"]
[SourceVersionDate "2024.05.08"]
[SourceQuality "1"]
[WhiteTeam "Buducnost"]
[BlackTeam "Herceg Novi"]
[WhiteTeamCountry "MNE"]
[BlackTeamCountry "MNE"]

1. c4 e6 2. Nc3 d5 3. d4 Nf6 4. Bg5 Be7 5. e3 h6 6. Bxf6 Bxf6 7. Nf3 0-0 8. Rc1 c6 9. Bd3 Nd7 10. 0-0 Re8 11. Qc2 1/2-1/2

[Event "MNT-chT"]
[Site "Herceg Novi"]
[Date "2024.04.29"]
[Round "3.1"]
[White "Potpara, Nikola"]
[Black "Saric, Ivan"]
[Result "0-1"]
[WhiteElo "2349"]
[BlackElo "2670"]
[PlyCount "70"]
[EventDate "2024.04.27"]
[EventType "team-tourn"]
[EventRounds "9"]
[EventCountry "MNE"]
[SourceTitle "CB19_2024"]
[SourceDate "2024.05.08"]
[SourceVersion "1"]
[SourceVersionDate "2024.05.08"]
[SourceQuality "1"]
[WhiteTeam "Rudar"]
[BlackTeam "Herceg Novi"]
[WhiteTeamCountry "MNE"]
[BlackTeamCountry "MNE"]

1. c4 g6 2. g3 Bg7 3. Bg2 c5 4. Nc3 Nc6 5. Nf3 e6 6. 0-0 Nge7 7. d4 Nxd4 8. Nxd4 cxd4 9. Nb5 Nf5 10. e4 a6 11. exf5 axb5 12. fxe6 dxe6 13. cxb5 0-0 14. a4 e5 15. f4 d3 16. fxe5 Bxe5 17. Kh1 Qd4 18. Bd2 Qxb2 19. Rb1 Qd4 20. Rb4 Qc5 21. Qb3 Qc2 22. Qxc2 dxc2 23. Rc4 Bf5 24. Rxf5 gxf5 25. Bxb7 Rfd8 26. Bg5 f6 27. Bh6 Ra7 28. Bf3 f4 29. Rxc2 fxg3 30. Ra2 gxh2 31. a5 Rad7 32. Rxh2 Rd1+ 33. Bxd1 Rxd1+ 34. Kg2 Bxh2 35. Kxh2 Rd5 0-1

[Event "ITA-chT GpA 55th"]
[Site "Vasto"]
[Date "2024.04.11"]
[Round "5.1"]
[White "Moroni, Luca Jr"]
[Black "Saric, Ivan"]
[Result "0-1"]
[WhiteElo "2580"]
[BlackElo "2670"]
[PlyCount "88"]
[EventDate "2024.04.08"]
[EventType "team-tourn"]
[EventRounds "7"]
[EventCountry "ITA"]
[SourceTitle "CB16_2024"]
[SourceDate "2024.04.17"]
[SourceVersion "1"]
[SourceVersionDate "2024.04.17"]
[SourceQuality "1"]
[WhiteTeam "Cerianese Scacchistica"]
[BlackTeam "Padova Obiettivo"]
[WhiteTeamCountry "ITA"]
[BlackTeamCountry "ITA"]

1. Nf3 d5 2. d4 Nf6 3. c3 e6 4. Bf4 c5 5. e3 Bd6 6. Nbd2 cxd4 7. cxd4 Bxf4 8. exf4 0-0 9. Bd3 Nc6 10. 0-0 Qb6 11. Nb3 a5 12. a4 Ne4 13. Bxe4 dxe4 14. Ne5 Nxe5 15. fxe5 Bd7 16. Nc5 Bc6 17. Qe2 Rfd8 18. Rfd1 Rd5 19. Nxe4 Rxd4 20. Rxd4 Qxd4 21. Nc3 h6 22. h3 Qf4 23. Rd1 Bxa4 24. Nxa4 Qxa4 25. Rd6 Rc8 26. g3 b5 27. Kg2 Qc2 28. Qxc2 Rxc2 29. b3 Rc5 30. Ra6 b4 31. Ra8+ Kh7 32. f4 h5 33. Ra7 Rc2+ 34. Kf3 Rc3+ 35. Kg2 Rxb3 36. Rxa5 Rc3 37. Rb5 b3 38. Rb7 Kg6 39. h4 Rc2+ 40. Kf3 Rb2 41. Rb6 Rb1 42. Kg2 Kf5 43. Rb7 Kg4 44. Kf2 g6 0-1

[Event "Karlsruhe Grenke op"]
[Site "Karlsruhe"]
[Date "2024.04.01"]
[Round "9"]
[White "Saric, Ivan"]
[Black "Erigaisi, Arjun Kumar"]
[Result "1/2-1/2"]
[WhiteElo "2670"]
[BlackElo "2748"]
[PlyCount "85"]
[EventDate "2024.03.28"]
[EventType "swiss"]
[EventRounds "9"]
[EventCountry "GER"]
[SourceTitle "CB14_2024"]
[SourceDate "2024.04.01"]
[SourceVersion "1"]
[SourceVersionDate "2024.04.01"]
[SourceQuality "1"]

1. e4 c5 2. Nf3 e6 3. d4 cxd4 4. Nxd4 Nc6 5. Nc3 Qc7 6. Be3 a6 7. g4 b5 8. Nxc6 Qxc6 9. Qd2 b4 10. Ne2 Qxe4 11. Rg1 Qc6 12. Bg2 d5 13. 0-0-0 Bb7 14. Kb1 Nf6 15. g5 Ne4 16. Bxe4 dxe4 17. Nf4 g6 18. Qd4 Rg8 19. Rd2 Qb5 20. Rgd1 Be7 21. a4 bxa3 22. c4 Qc6 23. Qe5 axb2 24. Rxb2 Rc8 25. c5 Rf8 26. Rb6 Qc7 27. Rdd6 Ba8 28. h4 Rb8 29. Rxe6 Qxe5 30. Rxe5 Rxb6+ 31. cxb6 Kd7 32. Nd5 Bxd5 33. Rxd5+ Kc6 34. Ra5 Rb8 35. Rxa6 Bc5 36. Bxc5 Kxc5 37. Ra7 Rxb6+ 38. Kc2 f6 39. Rxh7 fxg5 40. hxg5 Kd4 41. Rd7+ Ke5 42. Rf7 Rd6 43. Rf8 1/2-1/2

[Event "SVK-chT 2324"]
[Site "Slovakia"]
[Date "2024.02.25"]
[Round "8.1"]
[White "Kostolansky, Sebastian Lukas"]
[Black "Saric, Ivan"]
[Result "1/2-1/2"]
[WhiteElo "2427"]
[BlackElo "2689"]
[PlyCount "87"]
[EventDate "2023.11.04"]
[EventType "team-tourn"]
[EventRounds "11"]
[EventCountry "SVK"]
[SourceTitle "CB19_2024"]
[SourceDate "2024.05.08"]
[SourceVersion "1"]
[SourceVersionDate "2024.05.08"]
[SourceQuality "1"]
[WhiteTeam "Bratislava Slovan"]
[BlackTeam "Modra"]
[WhiteTeamCountry "SVK"]
[BlackTeamCountry "SVK"]

1. e4 c5 2. Nf3 d6 3. Bb5+ Nd7 4. 0-0 a6 5. Bd3 Ngf6 6. Re1 g6 7. Bf1 Bg7 8. c3 0-0 9. d4 e5 10. dxe5 Nxe5 11. Nxe5 dxe5 12. Qxd8 Rxd8 13. a4 Be6 14. Nd2 Bh6 15. Nf3 Bxc1 16. Raxc1 Nd7 17. a5 f6 18. Nd2 b5 19. axb6 Nxb6 20. Red1 c4 21. Be2 Kf7 22. g3 Ke7 23. Ra1 a5 24. f4 a4 25. fxe5 fxe5 26. Kf2 Ra5 27. Ke3 h5 28. Nb1 Rh8 29. h4 Raa8 30. Na3 Rhc8 31. Nc2 Rd8 32. Nb4 Rxd1 33. Bxd1 Kd6 34. Nc2 Bd7 35. Be2 Rf8 36. Rd1+ Kc5 37. Nb4 Bg4 38. Nd5 Bxe2 39. Kxe2 Rb8 40. Nb4 Ra8 41. Nc2 Rf8 42. Nb4 Ra8 43. Nc2 Rf8 44. Nb4 1/2-1/2

[Event "Chessable Play In Match D3"]
[Site "Chess.com INT"]
[Date "2024.02.01"]
[Round "1.2"]
[White "Karthikeyan, Murali"]
[Black "Saric, Ivan"]
[Result "1/2-1/2"]
[WhiteElo "2610"]
[BlackElo "2680"]
[PlyCount "89"]
[EventDate "2024.02.01"]
[EventType "k.o. (rapid)"]
[EventRounds "1"]
[EventCountry "USA"]
[SourceTitle "CB06_2024"]
[SourceDate "2024.02.07"]
[SourceVersion "1"]
[SourceVersionDate "2024.02.07"]
[SourceQuality "1"]

1. e4 c5 2. Nf3 d6 3. d4 cxd4 4. Nxd4 Nf6 5. Nc3 a6 6. Be2 e6 7. Be3 Qc7 8. a4 b6 9. f4 Bb7 10. Bf3 Nbd7 11. Qe2 Rc8 12. 0-0 Be7 13. Rae1 Qb8 14. Bd2 0-0 15. g4 d5 16. e5 Bc5 17. Qf2 Ne4 18. Nxe4 dxe4 19. Bxe4 Bxd4 20. Qxd4 Nc5 21. Bxb7 Qxb7 22. b3 Rfd8 23. Qe3 Qe7 24. Re2 Qh4 25. Rg2 Qe7 26. f5 Nd7 27. f6 Qc5 28. Qxc5 Rxc5 29. Bb4 Rxe5 30. Rd1 Rd5 31. Rxd5 exd5 32. Be7 Re8 33. g5 Ne5 34. Kf1 Ng6 35. Rd2 Nxe7 36. fxe7 Rxe7 37. Rxd5 h6 38. gxh6 gxh6 39. Rd6 Re6 40. Rd8+ Kg7 41. Rd4 f5 42. Kf2 Kf6 43. Kf3 Ke5 44. Rd2 Rc6 45. c4 1/2-1/2

[Event "EU-ch Blitz"]
[Site "Zagreb"]
[Date "2023.12.16"]
[Round "11"]
[White "Gaehwiler, Gabriel"]
[Black "Saric, Ivan"]
[Result "0-1"]
[WhiteElo "2381"]
[BlackElo "2685"]
[PlyCount "58"]
[EventDate "2023.12.16"]
[EventType "swiss (blitz)"]
[EventRounds "13"]
[EventCountry "CRO"]
[SourceTitle "CB51_2023"]
[SourceDate "2023.12.20"]
[SourceVersion "1"]
[SourceVersionDate "2023.12.20"]
[SourceQuality "1"]

1. d4 Nf6 2. Nf3 g6 3. b3 Bg7 4. Bb2 0-0 5. g3 d5 6. Bg2 c6 7. 0-0 Bf5 8. c4 Nbd7 9. Nc3 dxc4 10. bxc4 Nb6 11. Qb3 Be6 12. Ne5 Nfd7 13. d5 Bxd5 14. cxd5 Nxe5 15. dxc6 Nxc6 16. Rfd1 Nd4 17. Qb4 a5 18. Qc5 Rc8 19. Qxa5 Nc4 20. Qb4 Nxb2 21. e3 Rxc3 22. Qxb2 Rc2 23. Qxb7 Ne2+ 24. Kf1 Rd2 25. Rxd2 Qxd2 26. Re1 Bc3 27. Qb1 Qxe1+ 28. Qxe1 Bxe1 29. Kxe1 Nc3 0-1

[Event "EU-ch Blitz"]
[Site "Zagreb"]
[Date "2023.12.16"]
[Round "13"]
[White "Indjic, Aleksandar"]
[Black "Saric, Ivan"]
[Result "0-1"]
[WhiteElo "2589"]
[BlackElo "2685"]
[PlyCount "73"]
[EventDate "2023.12.16"]
[EventType "swiss (blitz)"]
[EventRounds "13"]
[EventCountry "CRO"]
[SourceTitle "CB51_2023"]
[SourceDate "2023.12.20"]
[SourceVersion "1"]
[SourceVersionDate "2023.12.20"]
[SourceQuality "1"]

1. d4 Nf6 2. Nf3 g6 3. Bg5 Bg7 4. Nbd2 0-0 5. c3 d6 6. e3 Nbd7 7. Bd3 Qe8 8. 0-0 h6 9. Bh4 e5 10. e4 Nh5 11. Re1 Nf4 12. Bc4 Kh8 13. Bg3 Nh5 14. Bh4 Nf4 15. a4 a5 16. h3 Nb6 17. Bb5 Bd7 18. Bxd7 Qxd7 19. Qc2 Rae8 20. Bg3 g5 21. Bxf4 gxf4 22. dxe5 Bxe5 23. Nh4 Rg8 24. Nf5 Rg6 25. Re2 Reg8 26. f3 Nc8 27. Nc4 Ne7 28. Rd1 Qe6 29. Nxa5 Rg5 30. Nxe7 Qxe7 31. Nc4 Qe6 32. Nxe5 dxe5 33. Kh2 Rg3 34. Qd2 Qg6 35. Rf1 Rxh3+ 36. Kg1 Qh5 37. Ree1 0-1

[Event "EU-ch Blitz"]
[Site "Zagreb"]
[Date "2023.12.16"]
[Round "4"]
[White "Saric, Ivan"]
[Black "Bulmaga, Irina"]
[Result "1-0"]
[WhiteElo "2685"]
[BlackElo "2439"]
[PlyCount "67"]
[EventDate "2023.12.16"]
[EventType "swiss (blitz)"]
[EventRounds "13"]
[EventCountry "CRO"]
[SourceTitle "CB51_2023"]
[SourceDate "2023.12.20"]
[SourceVersion "1"]
[SourceVersionDate "2023.12.20"]
[SourceQuality "1"]

1. e4 e5 2. Nf3 Nc6 3. Bb5 a6 4. Ba4 d6 5. 0-0 Nf6 6. c3 g6 7. d4 Bd7 8. Re1 Bg7 9. h3 0-0 10. a3 Re8 11. Nbd2 b5 12. Bc2 a5 13. d5 Ne7 14. a4 bxa4 15. Bxa4 c6 16. dxc6 Bxc6 17. Bxc6 Nxc6 18. Nc4 d5 19. exd5 Qxd5 20. Qa4 Rab8 21. Rd1 Qe4 22. Ng5 Qe2 23. Be3 Rec8 24. Rd2 Qh5 25. Nd6 Rc7 26. Ngxf7 Rxf7 27. Nxf7 Ne7 28. Qc4 Rc8 29. Rd8+ Rxd8 30. Nxd8+ Kh8 31. Nf7+ Kg8 32. g4 Qh4 33. Rxa5 Qxh3 34. Ng5+ 1-0

[Event "EU-ch Rapid"]
[Site "Zagreb"]
[Date "2023.12.14"]
[Round "4"]
[White "Costachi, Mihnea"]
[Black "Saric, Ivan"]
[Result "1/2-1/2"]
[WhiteElo "2471"]
[BlackElo "2685"]
[PlyCount "61"]
[EventDate "2023.12.14"]
[EventType "swiss (rapid)"]
[EventRounds "11"]
[EventCountry "CRO"]
[SourceTitle "CB51_2023"]
[SourceDate "2023.12.20"]
[SourceVersion "1"]
[SourceVersionDate "2023.12.20"]
[SourceQuality "1"]

1. d4 Nf6 2. c4 g6 3. Nc3 Bg7 4. e4 d6 5. Be2 0-0 6. Bg5 c5 7. d5 e6 8. Nf3 h6 9. Be3 exd5 10. cxd5 b5 11. e5 Ng4 12. Nxb5 Nxe3 13. fxe3 dxe5 14. e4 c4 15. Na3 f5 16. 0-0 fxe4 17. Nd2 Rxf1+ 18. Bxf1 Qb6+ 19. Kh1 Qxb2 20. Ndxc4 Qd4 21. Nb5 Qxd1 22. Rxd1 Na6 23. Ncd6 Bg4 24. Re1 Nc5 25. Nxe4 Nxe4 26. Rxe4 Bd7 27. Re1 a5 28. a4 Rc8 29. Bd3 g5 30. Nd6 Rd8 31. Nb7 1/2-1/2

[Event "EU-ch Rapid"]
[Site "Zagreb"]
[Date "2023.12.14"]
[Round "1"]
[White "Saric, Ivan"]
[Black "Maravic, Ivan"]
[Result "1-0"]
[WhiteElo "2685"]
[BlackElo "1991"]
[PlyCount "57"]
[EventDate "2023.12.14"]
[EventType "swiss (rapid)"]
[EventRounds "11"]
[EventCountry "CRO"]
[SourceTitle "CB51_2023"]
[SourceDate "2023.12.20"]
[SourceVersion "1"]
[SourceVersionDate "2023.12.20"]
[SourceQuality "1"]

1. e4 e5 2. Nf3 Nc6 3. Bb5 Nf6 4. d3 d6 5. 0-0 g6 6. d4 Bd7 7. Bxc6 Bxc6 8. dxe5 dxe5 9. Nxe5 Bxe4 10. Bg5 Bg7 11. Qe2 Qd5 12. Bxf6 Bxf6 13. Ng4 Bxb2 14. c3 0-0-0 15. Qxb2 Qg5 16. Ne3 Rd3 17. Qe2 f5 18. Nd2 Bxg2 19. Nxg2 Rxd2 20. Qe3 Qxe3 21. Nxe3 Rd3 22. c4 b6 23. Rfd1 Ra3 24. c5 bxc5 25. Rac1 Rd8 26. Nd5 Rd6 27. Rxc5 Rxa2 28. Rxc7+ Kd8 29. Rxh7 1-0

[Event "EU-ch Rapid"]
[Site "Zagreb"]
[Date "2023.12.14"]
[Round "6"]
[White "Sielecki, Christof"]
[Black "Saric, Ivan"]
[Result "0-1"]
[WhiteElo "2410"]
[BlackElo "2685"]
[PlyCount "96"]
[EventDate "2023.12.14"]
[EventType "swiss (rapid)"]
[EventRounds "11"]
[EventCountry "CRO"]
[SourceTitle "CB51_2023"]
[SourceDate "2023.12.20"]
[SourceVersion "1"]
[SourceVersionDate "2023.12.20"]
[SourceQuality "1"]

1. Nf3 d5 2. e3 Nf6 3. c4 e6 4. Nc3 Bd6 5. b3 0-0 6. Bb2 b6 7. Rc1 a6 8. cxd5 exd5 9. g3 Bb7 10. d4 Nbd7 11. Bg2 Re8 12. 0-0 Qe7 13. Qc2 g6 14. Ne2 Ne4 15. Ne5 Rac8 16. Nc6 Qe6 17. Nf4 Bxf4 18. gxf4 Ndf6 19. Rfe1 Nd6 20. Ne5 Nfe4 21. f3 Nf6 22. Qf2 Nh5 23. Nd3 a5 24. Kh1 Ba6 25. Ne5 f6 26. Ng4 Kg7 27. Qd2 Re7 28. Bh3 Rce8 29. Nf2 f5 30. Bc3 Nb5 31. Bf1 Qc8 32. Bb2 Nd6 33. Bxa6 Qxa6 34. Nd3 Nf7 35. Ne5 Qb7 36. Qd3 Kg8 37. Qb5 Nxe5 38. fxe5 f4 39. e4 dxe4 40. Qc4+ Kg7 41. Rxe4 Rd8 42. e6 Rd5 43. Ba3 b5 44. Qc6 Qxc6 45. Rxc6 b4 46. Bb2 g5 47. Rxc7 Rxc7 48. e7 Nf6 0-1

[Event "EU-chT 24th"]
[Site "Budva"]
[Date "2023.11.15"]
[Round "5.1"]
[White "Predke, Alexandr"]
[Black "Saric, Ivan"]
[Result "1/2-1/2"]
[WhiteElo "2661"]
[BlackElo "2659"]
[PlyCount "107"]
[EventDate "2023.11.11"]
[EventType "team-swiss"]
[EventRounds "9"]
[EventCountry "MNE"]
[SourceTitle "CB47_2023"]
[SourceDate "2023.11.22"]
[SourceVersion "1"]
[SourceVersionDate "2023.11.22"]
[SourceQuality "1"]
[WhiteTeam "Serbia"]
[BlackTeam "Croatia"]
[WhiteTeamCountry "SRB"]
[BlackTeamCountry "CRO"]

1. d4 Nf6 2. Nf3 g6 3. Bf4 Bg7 4. e3 d6 5. h3 0-0 6. Be2 b6 7. 0-0 Bb7 8. c4 Nbd7 9. Qc2 Ne4 10. Rd1 f5 11. c5 Bd5 12. Nc3 Nxc3 13. bxc3 Kh8 14. cxd6 cxd6 15. c4 Rc8 16. Qa4 Bg8 17. Qxa7 Ra8 18. Qb7 Qc8 19. Qxc8 Rfxc8 20. Bg5 Re8 21. g4 h6 22. Bh4 fxg4 23. hxg4 g5 24. Bg3 Ra3 25. Rd3 Rea8 26. Rxa3 Rxa3 27. Nd2 Nf6 28. Nb1 Ra4 29. Nc3 Ra3 30. Nb1 Ra4 31. Nc3 Ra3 32. Rc1 Nd7 33. Kf1 Bf6 34. Ke1 Bh7 35. Kd2 e5 36. dxe5 Bxe5 37. Bxe5+ dxe5 38. e4 Nc5 39. f3 Bg8 40. Rb1 Ra6 41. Rb2 Kg7 42. Kc1 Bf7 43. Nd5 h5 44. gxh5 Bxh5 45. Kd2 Ra3 46. Nc3 Bf7 47. Nb5 Ra8 48. Nc7 Ra3 49. Nb5 Ra8 50. Ke3 Bg6 51. Rd2 g4 52. fxg4 Bxe4 53. Rd6 Rxa2 54. Rxb6 1/2-1/2

[Event "FIDE Grand Swiss"]
[Site "Douglas"]
[Date "2023.11.03"]
[Round "9"]
[White "Saric, Ivan"]
[Black "Yu, Yangyi"]
[Result "1/2-1/2"]
[WhiteElo "2647"]
[BlackElo "2720"]
[PlyCount "84"]
[EventDate "2023.10.25"]
[EventType "swiss"]
[EventRounds "11"]
[EventCountry "IOM"]
[SourceTitle "Mega2024 Update 01"]
[Source "Chessbase"]
[SourceDate "2023.11.12"]
[SourceVersion "1"]
[SourceVersionDate "2023.11.12"]
[SourceQuality "1"]

1. e4 e5 2. Nf3 Nf6 3. Nxe5 d6 4. Nf3 Nxe4 5. d4 d5 6. Bd3 Nc6 7. 0-0 Be7 8. Nbd2 Bf5 9. Re1 Nxd2 10. Qxd2 Bg6 11. Nh4 Bxd3 12. Qxd3 0-0 13. Nf5 Bf6 14. Bf4 Re8 15. Rxe8+ Qxe8 16. c3 Qd7 17. Re1 Ne7 18. Ng3 Ng6 19. Nh5 Be7 20. h3 Nxf4 21. Nxf4 c6 22. Qe2 Bd6 23. Nd3 h6 24. h4 Rd8 25. g3 Kf8 26. Kg2 Re8 27. Qxe8+ Qxe8 28. Rxe8+ Kxe8 29. h5 Ke7 30. f4 g6 31. Kh3 Ke6 32. Kg4 Be7 33. hxg6 fxg6 34. Kf3 Bd6 35. g4 Kf6 36. a4 a5 37. Nf2 b5 38. axb5 cxb5 39. Nd1 Ke6 40. Ne3 Be7 41. Nc2 a4 42. Nb4 Bxb4 1/2-1/2

[Event "FIDE Grand Swiss"]
[Site "Douglas"]
[Date "2023.10.27"]
[Round "3"]
[White "Saric, Ivan"]
[Black "Parligras, Mircea Emilian"]
[Result "1-0"]
[WhiteElo "2647"]
[BlackElo "2561"]
[PlyCount "123"]
[EventDate "2023.10.25"]
[EventType "swiss"]
[EventRounds "11"]
[EventCountry "IOM"]
[SourceTitle "Mega2024 Update 01"]
[Source "Chessbase"]
[SourceDate "2023.11.12"]
[SourceVersion "1"]
[SourceVersionDate "2023.11.12"]
[SourceQuality "1"]

1. e4 e5 2. Nf3 Nc6 3. Bc4 Bc5 4. 0-0 Nf6 5. d3 a6 6. a4 d6 7. c3 Ba7 8. Re1 h6 9. Nbd2 0-0 10. h3 Be6 11. Bxe6 fxe6 12. b4 Nh5 13. Nf1 Nf4 14. Ra2 Qe8 15. Kh2 Qh5 16. Ng1 Qxd1 17. Rxd1 Rad8 18. b5 Ne7 19. Nf3 Neg6 20. d4 exd4 21. cxd4 axb5 22. axb5 Bb6 23. Be3 Ra8 24. Rda1 Rxa2 25. Rxa2 Nd3 26. Rd2 Ndf4 27. Ra2 Nd3 28. Ra3 Nb2 29. N1d2 d5 30. e5 Ne7 31. g4 Nd1 32. Kg3 Nxe3 33. fxe3 c5 34. bxc6 bxc6 35. Nb3 Rb8 36. Ne1 Rb7 37. Ra6 Kf7 38. Nd3 Nc8 39. Ra8 Ne7 40. Nbc5 Ra7 41. Rb8 Bxc5 42. Nxc5 Ra3 43. Kf3 g5 44. Rh8 Kg7 45. Rd8 Ng6 46. Rd7+ Kg8 47. Nxe6 Nh4+ 48. Ke2 Ra2+ 49. Kd3 Ra3+ 50. Ke2 Ra2+ 51. Kd1 Ng2 52. Rg7+ Kh8 53. Rg6 Nxe3+ 54. Kc1 Rc2+ 55. Kb1 Re2 56. Rxh6+ Kg8 57. Nxg5 c5 58. Rg6+ Kh8 59. dxc5 d4 60. Ne4 Kh7 61. Rd6 Nc2 62. Kc1 1-0

[Event "EU-Cup 38th"]
[Site "Durres"]
[Date "2023.10.07"]
[Round "7.4"]
[White "Ivic, Velimir"]
[Black "Saric, Ivan"]
[Result "1/2-1/2"]
[WhiteElo "2562"]
[BlackElo "2647"]
[PlyCount "87"]
[EventDate "2023.10.01"]
[EventType "team-swiss"]
[EventRounds "7"]
[EventCountry "ALB"]
[SourceTitle "EXT 2024"]
[Source "ChessBase"]
[SourceDate "2023.10.10"]
[SourceVersion "1"]
[SourceVersionDate "2023.10.10"]
[SourceQuality "1"]
[WhiteTeam "Ajka Sentimento"]
[BlackTeam "Ljubljana Tajfun"]
[WhiteTeamCountry "HUN"]
[BlackTeamCountry "SLO"]

1. e4 c5 2. Nf3 e6 3. c3 Nf6 4. e5 Nd5 5. d4 cxd4 6. cxd4 d6 7. Bc4 dxe5 8. dxe5 Be7 9. 0-0 0-0 10. Qe2 Bd7 11. Rd1 Bc6 12. Nd4 Bc5 13. Nc3 Nxc3 14. bxc3 Qc7 15. Bf4 Nd7 16. h4 Nb6 17. Bb3 Nd5 18. Bd2 Rae8 19. Re1 Kh8 20. h5 Bxd4 21. cxd4 f5 22. exf6 Rxf6 23. Qg4 Qf7 24. f3 Nf4 25. Re5 Rf8 26. Bxf4 Rxf4 27. Qxe6 Qxe6 28. Rxe6 Rxd4 29. Rae1 a5 30. Re7 a4 31. Bf7 Rf4 32. Rd1 h6 33. Bg6 Rc8 34. Kf2 Kg8 35. Ke3 Rff8 36. Rd6 Rfd8 37. Rxd8+ Rxd8 38. Rc7 a3 39. Bf7+ Kf8 40. Bb3 Re8+ 41. Kf4 Re7 42. Rc8+ Re8 43. Rc7 Re7 44. Rc8+ 1/2-1/2

[Event "EU-Cup 38th"]
[Site "Durres"]
[Date "2023.10.05"]
[Round "5.4"]
[White "Saric, Ivan"]
[Black "Baidetsky, Valentin"]
[Result "1-0"]
[WhiteElo "2647"]
[BlackElo "2471"]
[PlyCount "85"]
[EventDate "2023.10.01"]
[EventType "team-swiss"]
[EventRounds "7"]
[EventCountry "ALB"]
[SourceTitle "EXT 2024"]
[Source "ChessBase"]
[SourceDate "2023.10.10"]
[SourceVersion "1"]
[SourceVersionDate "2023.10.10"]
[SourceQuality "1"]
[WhiteTeam "Ljubljana Tajfun"]
[BlackTeam "Modra Javes"]
[WhiteTeamCountry "SLO"]
[BlackTeamCountry "SVK"]

1. e4 e6 2. d4 d5 3. Nc3 Nf6 4. e5 Nfd7 5. f4 c5 6. Nf3 Nc6 7. Be3 Be7 8. Qd2 a6 9. Ne2 0-0 10. Ng3 cxd4 11. Nxd4 Nxd4 12. Bxd4 f6 13. exf6 Bxf6 14. 0-0-0 Bxd4 15. Qxd4 Qf6 16. f5 Qxd4 17. Rxd4 exf5 18. Rxd5 Nf6 19. Rd4 b5 20. a4 Bd7 21. Bd3 g6 22. a5 Bc6 23. Rd6 Bxg2 24. Rg1 Ne4 25. Rb6 Bf3 26. Rf1 Ng5 27. h4 f4 28. Nf5 gxf5 29. hxg5 Be4 30. Rxf4 Bxd3 31. cxd3 Kg7 32. Kd2 Ra7 33. Rh6 Rc7 34. Rxa6 Rfc8 35. Rxf5 Rc2+ 36. Ke3 Rxb2 37. Rb6 b4 38. Rd5 Rc7 39. a6 Re7+ 40. Kd4 Ra2 41. Rb7 Kf8 42. Rd8+ Kf7 43. Rh8 1-0

[Event "EU-Cup 38th"]
[Site "Durres"]
[Date "2023.10.02"]
[Round "2.4"]
[White "Saric, Ivan"]
[Black "Vedrickas, Tautvydas"]
[Result "1-0"]
[WhiteElo "2647"]
[BlackElo "2329"]
[PlyCount "63"]
[EventDate "2023.10.01"]
[EventType "team-swiss"]
[EventRounds "7"]
[EventCountry "ALB"]
[SourceTitle "EXT 2024"]
[Source "ChessBase"]
[SourceDate "2023.10.10"]
[SourceVersion "1"]
[SourceVersionDate "2023.10.10"]
[SourceQuality "1"]
[WhiteTeam "Ljubljana Tajfun"]
[BlackTeam "MRU ROSK Consulting"]
[WhiteTeamCountry "SLO"]
[BlackTeamCountry "LTU"]

1. e4 g6 2. d4 Bg7 3. Nc3 c5 4. dxc5 Bxc3+ 5. bxc3 Qa5 6. Qd4 Nf6 7. Bd2 Nc6 8. Qe3 b6 9. cxb6 Qxb6 10. Bd3 Ba6 11. Nf3 0-0 12. 0-0 Rfc8 13. e5 Qxe3 14. fxe3 Bxd3 15. cxd3 Ng4 16. d4 Na5 17. h3 Nh6 18. e4 Kg7 19. Rab1 Rab8 20. Kf2 Rb6 21. Rxb6 axb6 22. Ke2 Nc4 23. Rb1 Ra8 24. Bxh6+ Kxh6 25. Kd3 Ra4 26. Rb4 Rxb4 27. cxb4 b5 28. d5 f6 29. exf6 exf6 30. Kd4 Na3 31. Kc5 Kg7 32. Nd4 1-0

[Event "EU-Cup 38th"]
[Site "Durres"]
[Date "2023.10.01"]
[Round "1.4"]
[White "Budima, Armend"]
[Black "Saric, Ivan"]
[Result "0-1"]
[WhiteElo "2165"]
[BlackElo "2647"]
[PlyCount "70"]
[EventDate "2023.10.01"]
[EventType "team-swiss"]
[EventRounds "7"]
[EventCountry "ALB"]
[SourceTitle "EXT 2024"]
[Source "ChessBase"]
[SourceDate "2023.10.10"]
[SourceVersion "1"]
[SourceVersionDate "2023.10.10"]
[SourceQuality "1"]
[WhiteTeam "Dardania"]
[BlackTeam "Ljubljana Tajfun"]
[WhiteTeamCountry "KOS"]
[BlackTeamCountry "SLO"]

1. e4 c5 2. Nc3 Nc6 3. f4 e6 4. Nf3 d5 5. Bb5 Nf6 6. Qe2 Be7 7. 0-0 0-0 8. Bxc6 bxc6 9. d3 a5 10. Ne5 Qc7 11. Kh1 Ba6 12. Ng4 Nxg4 13. Qxg4 dxe4 14. Be3 exd3 15. cxd3 Bxd3 16. Rf2 a4 17. Rd2 Rfd8 18. Qd1 Bb5 19. Ne4 Rxd2 20. Qxd2 Rd8 21. Qf2 Qd7 22. Rc1 Qd5 23. Nc3 Qf5 24. h3 h5 25. Kg1 Rd3 26. Nxb5 cxb5 27. Bxc5 Bf6 28. Bb6 g6 29. Rc8+ Kg7 30. Rc2 e5 31. fxe5 Rd1+ 32. Kh2 Bxe5+ 33. g3 Qe4 34. Qg2 Bxg3+ 35. Kxg3 h4+ 0-1

[Event "AI Cup Div 2 L"]
[Site "Chess.com INT"]
[Date "2023.09.26"]
[Round "1.2"]
[White "Saric, Ivan"]
[Black "Antipov, Mikhail Al"]
[Result "1-0"]
[WhiteElo "2647"]
[BlackElo "2600"]
[PlyCount "49"]
[EventDate "2023.09.26"]
[EventType "k.o. (rapid)"]
[EventRounds "6"]
[EventCountry "USA"]
[SourceTitle "EXT 2024"]
[Source "ChessBase"]
[SourceDate "2023.10.10"]
[SourceVersion "1"]
[SourceVersionDate "2023.10.10"]
[SourceQuality "1"]

1. e4 e5 2. Nf3 Nc6 3. Bb5 Nf6 4. d3 Ne7 5. Nc3 c6 6. Bc4 d6 7. Bb3 h6 8. d4 Qc7 9. Be3 Ng6 10. a4 Be7 11. h3 0-0 12. Qd2 exd4 13. Nxd4 Re8 14. 0-0-0 Bf8 15. f3 a6 16. g4 b5 17. g5 hxg5 18. Bxg5 b4 19. Nce2 Nh7 20. Rhg1 Bd7 21. Nf4 Nxf4 22. Qxf4 Be6 23. Bh6 Bxb3 24. Bxg7 Bxg7 25. Nf5 1-0